Sobre el furor divino y otros textos / (Record no. 12989)

MARC details
000 -LEADER
campo de control de longitud fija 00968nam a22002895i 4500
001 - NÚMERO DE CONTROL
campo de control 12989
003 - IDENTIFICADOR DE NÚMERO DE CONTROL
campo de control ES-MaACL
005 - FECHA Y HORA DE LA ÚLTIMA TRANSACCIÓN
campo de control 20230906150448.0
007 - CAMPO FIJO DE DESCRIPCIÓN FÍSICA--INFORMACIÓN GENERAL
campo de control de longitud fija t|
008 - DATOS DE LONGITUD FIJA--INFORMACIÓN GENERAL
campo de control de longitud fija 960214s1993 sp ||||0| spa j
020 ## - NÚMERO INTERNACIONAL ESTÁNDAR DEL LIBRO
Número Internacional Estándar del Libro 84-7658-382-6
080 ## - NÚMERO DE LA CLASIFICACIÓN DECIMAL UNIVERSAL
Número de la Clasificación Decimal Universal 1(081) Ficino, Marsilio
100 1# - ENTRADA PRINCIPAL--NOMBRE DE PERSONA
Nombre de persona Ficino, Marsilio.
9 (RLIN) 50682
245 10 - MENCIÓN DEL TÍTULO
Título Sobre el furor divino y otros textos /
Mención de responsabilidad, etc. selección de textos, introducción y notas de Pedro Azara ; traducción de Juan Maluquer y Jaime Sainz.
250 ## - MENCION DE EDICION
Mención de edición Ed. bilingüe, 1ª ed.
260 ## - PUBLICACIÓN, DISTRIBUCIÓN, ETC.
Lugar de publicación, distribución, etc. Barcelona :
Nombre del editor, distribuidor, etc. Anthropos,
Fecha de publicación, distribución, etc. 1993.
300 ## - DESCRIPCIÓN FÍSICA
Extensión XCVIII, 105 p. ;
Dimensiones 20 cm.
490 1# - MENCIÓN DE SERIE
Mención de serie Textos y documentos ;
Designación de volumen o secuencia 17
500 ## - NOTA GENERAL
Nota general Textos en latín y traducción en español.
504 ## - NOTA DE BIBLIOGRAFÍA, ETC.
Nota de bibliografía, etc. Bibliografía: p. LXXXIII-XC.
700 1# - ENTRADA AGREGADA--NOMBRE PERSONAL
Nombre de persona Azara, Pedro.
9 (RLIN) 24236
700 1# - ENTRADA AGREGADA--NOMBRE PERSONAL
Nombre de persona Maluquer, Juan.
9 (RLIN) 75876
700 1# - ENTRADA AGREGADA--NOMBRE PERSONAL
Nombre de persona Sainz, Jaime.
9 (RLIN) 101570
830 0# - PUNTO DE ACCESO ADICIONAL DE SERIE-TÍTULO UNIFORME
Título uniforme Textos y documentos ;
Designación de volumen o secuencia 17
9 (RLIN) 177664
852 ## - LOCALIZACIÓN
Ubicación ES-MaACL
Número de control de estantería L-20338
Holdings
Estatus retirado Estado de pérdida Estado de daño No para préstamo Biblioteca de origen Biblioteca actual Ubicación en estantería Fecha de adquisición Fuente de adquisición Total de préstamos Signatura topográfica completa Código de barras Visto por última vez Precio de reemplazo Tipo de ítem Koha
        Biblioteca del Ateneo de Madrid Biblioteca del Ateneo de Madrid Depósito 2 17/01/2008     L-20338 1013229 23/02/2023 23/02/2023 Libro impreso